[Event "World Youth & Cadets Rapid Championships"]
[Site "Rhodes, Greece"]
[Date "2022.05.01"]
[Round "1.37"]
[White "Bendik, Margarita"]
[Black "Karas, Eugenia"]
[Result "0-1"]
[TimeControl "10'/game & 5\"/move"]
[WhiteElo "1420"]
[BlackElo "1578"]

1. e4 {[%clk 00:10:09]} e6 {[%clk 00:10:07]} {[%emt 00:00:03]} 2. d4 {[%clk
00:10:13]} {[%emt 00:00:01]} d5 {[%clk 00:10:11]} {[%emt 00:00:02]} 3. Nd2
{[%clk 00:10:17]} c5 {[%clk 00:10:14]} {[%emt 00:00:02]} 4. exd5 {[%clk
00:10:20]} {[%emt 00:00:03]} exd5 {[%clk 00:10:17]} {[%emt 00:00:01]} 5. Ngf3
{[%clk 00:10:24]} Nc6 {[%clk 00:10:21]} {[%emt 00:00:02]} 6. Bb5 {[%clk
00:10:28]} Bd6 {[%clk 00:10:25]} {[%emt 00:00:02]} 7. O-O {[%clk 00:10:30]}
{[%emt 00:00:02]} Nge7 {[%clk 00:10:24]} {[%emt 00:00:06]} 8. dxc5 {[%clk
00:10:33]} {[%emt 00:00:02]} Bxc5 {[%clk 00:10:27]} {[%emt 00:00:02]} 9. Nb3
{[%clk 00:10:37]} Bb6 {[%clk 00:10:28]} {[%emt 00:00:05]} 10. Re1 {[%clk
00:10:40]} {[%emt 00:00:01]} O-O {[%clk 00:10:30]} {[%emt 00:00:03]} 11. Be3
{[%clk 00:10:44]} {[%emt 00:00:01]} Bxe3 {[%clk 00:08:58]} {[%emt 00:01:38]} 12.
Rxe3 {[%clk 00:10:47]} {[%emt 00:00:01]} Bg4 {[%clk 00:07:58]} {[%emt
00:01:05]} 13. h3 {[%clk 00:10:15]} {[%emt 00:00:37]} Bh5 {[%clk 00:06:37]}
{[%emt 00:01:26]} 14. Qd2 {[%clk 00:09:40]} {[%emt 00:00:41]} Nf5 {[%clk
00:05:13]} {[%emt 00:01:28]} 15. Rd3 {[%clk 00:09:23]} {[%emt 00:00:22]} Bxf3
{[%clk 00:04:46]} {[%emt 00:00:32]} 16. Rxf3 {[%clk 00:09:26]} {[%emt
00:00:02]} Nce7 {[%clk 00:03:45]} {[%emt 00:01:07]} 17. Rd1 {[%clk 00:08:27]}
{[%emt 00:01:04]} a6 {[%clk 00:03:35]} {[%emt 00:00:15]} 18. Bd3 {[%clk
00:08:17]} {[%emt 00:00:15]} Nd6 {[%clk 00:03:32]} {[%emt 00:00:08]} 19. c3
{[%clk 00:07:41]} {[%emt 00:00:40]} Nc4 {[%clk 00:03:29]} {[%emt 00:00:09]} 20.
Qc2 {[%clk 00:06:08]} {[%emt 00:01:38]} Ne5 {[%clk 00:03:25]} {[%emt 00:00:09]}
21. Rf4 {[%clk 00:05:19]} {[%emt 00:00:54]} Nxd3 {[%clk 00:03:02]} {[%emt
00:00:28]} 22. Qxd3 {[%clk 00:05:21]} {[%emt 00:00:03]} Qd6 {[%clk 00:03:03]}
{[%emt 00:00:04]} 23. Rd4 {[%clk 00:04:17]} {[%emt 00:01:08]} Qg6 {[%clk
00:02:33]} {[%emt 00:00:35]} 24. Qxg6 {[%clk 00:02:39]} {[%emt 00:01:43]} fxg6
{[%clk 00:02:37]} {[%emt 00:00:02]} 25. f3 {[%clk 00:02:30]} {[%emt 00:00:14]}
g5 {[%clk 00:02:29]} {[%emt 00:00:12]} 26. Re1 {[%clk 00:02:32]} {[%emt
00:00:03]} Rfe8 {[%clk 00:02:30]} {[%emt 00:00:05]} 27. Kf2 {[%clk 00:02:18]}
{[%emt 00:00:19]} Kf7 {[%clk 00:02:33]} {[%emt 00:00:01]} 28. Re5 {[%clk
00:02:22]} {[%emt 00:00:01]} Kf6 {[%clk 00:02:24]} {[%emt 00:00:14]} 29. Re2
{[%clk 00:02:21]} {[%emt 00:00:06]} Rac8 {[%clk 00:02:13]} {[%emt 00:00:17]} 30.
Nc1 {[%clk 00:02:03]} {[%emt 00:00:22]} Kf7 {[%clk 00:01:50]} {[%emt 00:00:28]}
31. Nd3 {[%clk 00:02:07]} {[%emt 00:00:02]} Rcd8 {[%clk 00:01:44]} {[%emt
00:00:12]} 32. Nc5 {[%clk 00:02:09]} {[%emt 00:00:02]} Nc6 {[%clk 00:01:33]}
{[%emt 00:00:15]} 33. Rxe8 {[%clk 00:02:08]} {[%emt 00:00:06]} Kxe8 {[%clk
00:01:37]} {[%emt 00:00:02]} 34. Rg4 {[%clk 00:01:55]} {[%emt 00:00:18]} h6
{[%clk 00:01:31]} {[%emt 00:00:11]} 35. Nxb7 {[%clk 00:01:55]} {[%emt
00:00:05]} Rb8 {[%clk 00:01:31]} {[%emt 00:00:05]} 36. Nd6+ {[%clk 00:01:41]}
{[%emt 00:00:19]} Kd7 {[%clk 00:01:22]} {[%emt 00:00:14]} 37. Nf5 {[%clk
00:01:39]} {[%emt 00:00:07]} Rxb2+ {[%clk 00:01:25]} {[%emt 00:00:02]} 38. Kg3
{[%clk 00:01:32]} {[%emt 00:00:12]} Rxa2 {[%clk 00:01:10]} {[%emt 00:00:19]} 39.
Nxg7 {[%clk 00:01:36]} {[%emt 00:00:02]} Ne7 {[%clk 00:01:06]} {[%emt
00:00:09]} 40. Rb4 {[%clk 00:01:30]} {[%emt 00:00:11]} a5 {[%clk 00:01:01]}
{[%emt 00:00:10]} 41. Rb7+ {[%clk 00:01:33]} {[%emt 00:00:02]} Kd8 {[%clk
00:00:54]} {[%emt 00:00:09]} 42. Ne6+ {[%clk 00:01:28]} {[%emt 00:00:13]} Ke8
{[%clk 00:00:56]} {[%emt 00:00:03]} 43. Nc5 {[%clk 00:00:40]} {[%emt 00:00:53]}
Nf5+ {[%clk 00:00:54]} {[%emt 00:00:06]} 44. Kh2 {[%clk 00:00:43]} {[%emt
00:00:01]} Nh4 {[%clk 00:00:57]} {[%emt 00:00:03]} 45. Ra7 {[%clk 00:00:27]}
{[%emt 00:00:21]} Rxg2+ {[%clk 00:00:56]} {[%emt 00:00:07]} 46. Kh1 {[%clk
00:00:32]} Ra2 {[%clk 00:00:55]} {[%emt 00:00:06]} 47. Nb7 {[%clk 00:00:16]}
{[%emt 00:00:21]} Nxf3 {[%clk 00:00:55]} {[%emt 00:00:06]} 48. Rxa5 {[%clk
00:00:11]} {[%emt 00:00:09]} Rh2# {[%clk 00:00:57]} {[%emt 00:00:02]} 0-1

[Event "World Youth & Cadets Rapid Championships"]
[Site "Rhodes, Greece"]
[Date "2022.05.01"]
[Round "1.38"]
[White "Hajdinic, Ema"]
[Black "Shadrina, Eva"]
[Result "1-0"]
[TimeControl "10'/game & 5\"/move"]
[WhiteElo "1528"]
[BlackElo "1399"]

1. e4 {[%clk 00:10:07]} {[%emt 00:00:03]} c5 {[%clk 00:10:09]} {[%emt
00:00:02]} 2. c3 {[%clk 00:10:11]} {[%emt 00:00:02]} d5 {[%clk 00:10:08]}
{[%emt 00:00:05]} 3. exd5 {[%clk 00:10:13]} {[%emt 00:00:03]} Qxd5 {[%clk
00:10:10]} {[%emt 00:00:03]} 4. d4 {[%clk 00:10:13]} {[%emt 00:00:05]} Nf6
{[%clk 00:09:59]} {[%emt 00:00:16]} 5. Nf3 {[%clk 00:10:08]} {[%emt 00:00:10]}
e6 {[%clk 00:09:48]} {[%emt 00:00:16]} 6. Na3 {[%clk 00:09:58]} {[%emt
00:00:15]} a6 {[%clk 00:09:13]} {[%emt 00:00:40]} 7. Nc4 {[%clk 00:09:18]}
{[%emt 00:00:44]} Nbd7 {[%clk 00:08:40]} {[%emt 00:00:39]} 8. Be2 {[%clk
00:08:09]} {[%emt 00:01:14]} b5 {[%clk 00:05:57]} {[%emt 00:02:48]} 9. Ne3
{[%clk 00:07:15]} {[%emt 00:00:59]} Qd6 {[%clk 00:05:01]} {[%emt 00:01:01]} 10.
O-O {[%clk 00:06:33]} {[%emt 00:00:46]} Be7 {[%clk 00:04:44]} {[%emt 00:00:22]}
11. Qc2 {[%clk 00:05:43]} {[%emt 00:00:56]} cxd4 {[%clk 00:04:28]} {[%emt
00:00:21]} 12. Nxd4 {[%clk 00:05:16]} {[%emt 00:00:32]} Bb7 {[%clk 00:04:02]}
{[%emt 00:00:30]} 13. Rd1 {[%clk 00:05:02]} {[%emt 00:00:20]} Qc7 {[%clk
00:03:39]} {[%emt 00:00:28]} 14. a4 {[%clk 00:03:35]} {[%emt 00:01:32]} bxa4
{[%clk 00:03:05]} {[%emt 00:00:39]} 15. Rxa4 {[%clk 00:03:31]} {[%emt
00:00:09]} Nb6 {[%clk 00:02:34]} {[%emt 00:00:37]} 16. Ra1 {[%clk 00:03:21]}
{[%emt 00:00:14]} O-O {[%clk 00:02:20]} {[%emt 00:00:19]} 17. Ng4 {[%clk
00:02:49]} {[%emt 00:00:37]} Rfd8 {[%clk 00:01:35]} {[%emt 00:00:50]} 18. Nxf6+
{[%clk 00:02:34]} {[%emt 00:00:20]} Bxf6 {[%clk 00:01:36]} {[%emt 00:00:03]} 19.
Be3 {[%clk 00:02:36]} {[%emt 00:00:03]} Nd5 {[%clk 00:01:17]} {[%emt 00:00:25]}
20. Bd3 {[%clk 00:02:01]} {[%emt 00:00:40]} h6 {[%clk 00:00:56]} {[%emt
00:00:26]} 21. Qe2 {[%clk 00:01:49]} {[%emt 00:00:17]} Nxe3 {[%clk 00:00:51]}
{[%emt 00:00:10]} 22. fxe3 {[%clk 00:01:47]} {[%emt 00:00:07]} Qb6 {[%clk
00:00:22]} {[%emt 00:00:34]} 23. h3 {[%clk 00:00:50]} {[%emt 00:01:03]} Bxd4
{[%clk 00:00:19]} {[%emt 00:00:07]} 24. exd4 {[%emt 00:00:05]} a5 {[%clk
00:00:17]} {[%emt 00:00:05]} 25. Rd2 {[%clk 00:00:41]} {[%emt 00:00:16]} Bc6
{[%clk 00:00:19]} {[%emt 00:00:04]} 26. Qf2 {[%clk 00:00:37]} {[%emt 00:00:08]}
Qb7 {[%clk 00:00:17]} {[%emt 00:00:07]} 27. Rf1 {[%clk 00:00:31]} {[%emt
00:00:12]} Rd7 {[%clk 00:00:13]} {[%emt 00:00:08]} 28. Re2 {[%clk 00:00:20]}
{[%emt 00:00:16]} a4 {[%clk 00:00:13]} {[%emt 00:00:06]} 29. Kh2 {[%clk
00:00:11]} {[%emt 00:00:13]} Qc7+ {[%clk 00:00:15]} {[%emt 00:00:03]} 30. Kg1
{[%emt 00:00:02]} Rf8 {[%clk 00:00:13]} {[%emt 00:00:06]} 31. Qf4 {[%clk
00:00:19]} {[%emt 00:00:01]} Qxf4 {[%clk 00:00:17]} {[%emt 00:00:02]} 32. Rxf4
{[%clk 00:00:23]} Rb8 {[%clk 00:00:18]} {[%emt 00:00:04]} 33. Ref2 {[%clk
00:00:26]} {[%emt 00:00:02]} Rdb7 {[%clk 00:00:19]} {[%emt 00:00:04]} 34. Bf1
{[%clk 00:00:17]} {[%emt 00:00:14]} Rxb2 {[%clk 00:00:17]} {[%emt 00:00:07]} 35.
Rxf7 {[%clk 00:00:19]} {[%emt 00:00:03]} Rxf2 {[%clk 00:00:20]} {[%emt
00:00:02]} 36. Rxf2 {[%clk 00:00:23]} {[%emt 00:00:02]} Rb3 {[%clk 00:00:14]}
{[%emt 00:00:11]} 37. Rc2 {[%clk 00:00:18]} {[%emt 00:00:09]} Bd5 {[%clk
00:00:15]} {[%emt 00:00:05]} 38. c4 {[%clk 00:00:14]} {[%emt 00:00:09]} Bc6
{[%clk 00:00:15]} {[%emt 00:00:05]} 39. c5 {[%clk 00:00:16]} {[%emt 00:00:02]}
Re3 {[%clk 00:00:10]} {[%emt 00:00:10]} 40. Bc4 {[%clk 00:00:12]} {[%emt
00:00:10]} a3 {[%clk 00:00:12]} {[%emt 00:00:03]} 41. Kf2 {[%clk 00:00:14]}
{[%emt 00:00:02]} Re4 {[%clk 00:00:14]} {[%emt 00:00:04]} 42. Ra2 {[%clk
00:00:14]} {[%emt 00:00:04]} Rxd4 {[%clk 00:00:11]} {[%emt 00:00:08]} 43. Bxe6+
{[%clk 00:00:17]} Kh7 {[%clk 00:00:15]} {[%emt 00:00:02]} 44. Rxa3 {[%clk
00:00:20]} {[%emt 00:00:03]} Rf4+ {[%clk 00:00:15]} {[%emt 00:00:04]} 45. Kg1
{[%clk 00:00:20]} {[%emt 00:00:04]} Rf6 {[%clk 00:00:18]} {[%emt 00:00:04]} 46.
Ba2 {[%clk 00:00:19]} {[%emt 00:00:05]} Rf5 {[%clk 00:00:20]} {[%emt 00:00:02]}
47. Bb1 {[%clk 00:00:24]} g6 {[%clk 00:00:22]} {[%emt 00:00:03]} 48. Bxf5
{[%clk 00:00:28]} gxf5 {[%clk 00:00:26]} {[%emt 00:00:01]} 49. Ra6 {[%clk
00:00:32]} Bb5 {[%clk 00:00:21]} {[%emt 00:00:10]} 50. Rb6 {[%clk 00:00:33]}
{[%emt 00:00:05]} Ba4 {[%clk 00:00:23]} {[%emt 00:00:03]} 51. c6 {[%clk
00:00:37]} {[%emt 00:00:01]} Bxc6 {[%clk 00:00:22]} {[%emt 00:00:05]} 52. Rxc6
{[%clk 00:00:40]} {[%emt 00:00:02]} Kg7 {[%clk 00:00:26]} {[%emt 00:00:01]} 53.
Kf2 {[%clk 00:00:44]} {[%emt 00:00:01]} Kh7 {[%clk 00:00:25]} {[%emt 00:00:06]}
54. Kf3 {[%clk 00:00:46]} {[%emt 00:00:03]} 1-0

[Event "World Youth & Cadets Rapid Championships"]
[Site "Rhodes, Greece"]
[Date "2022.05.01"]
[Round "1.39"]
[White "Hnatyshyn, Anastasiia"]
[Black "Naidoo, Kajol"]
[Result "1-0"]
[TimeControl "10'/game & 5\"/move"]
[WhiteElo "1889"]
[BlackElo "1163"]

1. e4 {[%clk 00:10:08]} {[%emt 00:00:02]} c6 {[%clk 00:10:09]} {[%emt
00:00:02]} 2. d4 {[%clk 00:10:11]} {[%emt 00:00:01]} d5 {[%clk 00:10:12]}
{[%emt 00:00:02]} 3. e5 {[%clk 00:10:14]} {[%emt 00:00:02]} c5 {[%clk
00:10:15]} {[%emt 00:00:02]} 4. dxc5 {[%clk 00:10:14]} {[%emt 00:00:05]} Nc6
{[%clk 00:10:17]} {[%emt 00:00:04]} 5. Nf3 {[%clk 00:10:10]} {[%emt 00:00:08]}
Bg4 {[%clk 00:10:19]} {[%emt 00:00:03]} 6. Bb5 {[%clk 00:08:56]} {[%emt
00:01:19]} e6 {[%clk 00:10:19]} {[%emt 00:00:05]} 7. O-O {[%clk 00:08:44]}
{[%emt 00:00:16]} Bxc5 {[%clk 00:10:18]} {[%emt 00:00:06]} 8. a3 {[%clk
00:08:15]} {[%emt 00:00:36]} Nge7 {[%clk 00:10:05]} {[%emt 00:00:17]} 9. b4
{[%clk 00:08:02]} {[%emt 00:00:18]} Bb6 {[%clk 00:10:04]} {[%emt 00:00:06]} 10.
Bb2 {[%clk 00:07:06]} {[%emt 00:01:01]} O-O {[%clk 00:10:02]} {[%emt 00:00:07]}
11. Bxc6 {[%clk 00:05:46]} {[%emt 00:01:25]} Nxc6 {[%clk 00:10:03]} {[%emt
00:00:05]} 12. h3 {[%clk 00:05:27]} {[%emt 00:00:23]} Bxf3 {[%clk 00:09:51]}
{[%emt 00:00:16]} 13. Qxf3 {[%clk 00:05:28]} {[%emt 00:00:04]} Qg5 {[%clk
00:09:20]} {[%emt 00:00:36]} 14. Re1 {[%clk 00:05:00]} {[%emt 00:00:34]} d4
{[%clk 00:09:04]} {[%emt 00:00:21]} 15. Bc1 {[%clk 00:03:45]} {[%emt 00:01:20]}
Qg6 {[%clk 00:08:52]} {[%emt 00:00:17]} 16. Qd3 {[%clk 00:03:17]} {[%emt
00:00:33]} Qxd3 {[%clk 00:08:04]} {[%emt 00:00:53]} 17. cxd3 {[%clk 00:03:20]}
{[%emt 00:00:02]} Bc7 {[%clk 00:07:49]} {[%emt 00:00:19]} 18. f4 {[%clk
00:03:12]} {[%emt 00:00:13]} a5 {[%clk 00:07:22]} {[%emt 00:00:32]} 19. b5
{[%clk 00:03:07]} {[%emt 00:00:12]} Ne7 {[%clk 00:07:19]} {[%emt 00:00:07]} 20.
Nd2 {[%clk 00:03:04]} {[%emt 00:00:08]} Nf5 {[%clk 00:07:06]} {[%emt 00:00:17]}
21. Nc4 {[%clk 00:03:02]} {[%emt 00:00:08]} f6 {[%clk 00:06:06]} {[%emt
00:01:04]} 22. exf6 {[%clk 00:02:16]} {[%emt 00:00:52]} Rxf6 {[%clk 00:06:06]}
{[%emt 00:00:05]} 23. Bd2 {[%clk 00:02:06]} {[%emt 00:00:15]} a4 {[%clk
00:05:23]} {[%emt 00:00:49]} 24. Rac1 {[%clk 00:01:52]} {[%emt 00:00:19]} Nd6
{[%clk 00:04:52]} {[%emt 00:00:35]} 25. Ne5 {[%clk 00:00:40]} {[%emt 00:01:18]}
Nxb5 {[%clk 00:04:23]} {[%emt 00:00:34]} 26. Rc5 {[%clk 00:00:42]} {[%emt
00:00:03]} Ba5 {[%clk 00:02:56]} {[%emt 00:01:31]} 27. Bxa5 {[%clk 00:00:34]}
{[%emt 00:00:14]} Rxa5 {[%clk 00:02:35]} {[%emt 00:00:26]} 28. Nc4 {[%clk
00:00:37]} {[%emt 00:00:01]} Ra8 {[%clk 00:02:10]} {[%emt 00:00:28]} 29. Rxb5
{[%clk 00:00:40]} {[%emt 00:00:05]} Rxf4 {[%clk 00:02:03]} {[%emt 00:00:12]} 30.
Rxe6 {[%clk 00:00:36]} {[%emt 00:00:08]} Raf8 {[%clk 00:01:41]} {[%emt
00:00:26]} 31. Rxb7 {[%clk 00:00:36]} {[%emt 00:00:06]} Rf1+ {[%clk 00:01:41]}
{[%emt 00:00:05]} 32. Kh2 {[%clk 00:00:40]} {[%emt 00:00:02]} R1f5 {[%clk
00:01:03]} {[%emt 00:00:38]} 33. Reb6 {[%clk 00:00:22]} {[%emt 00:00:27]} g5
{[%clk 00:00:49]} {[%emt 00:00:19]} 34. Rb8 {[%clk 00:00:25]} {[%emt 00:00:03]}
R5f7 {[%clk 00:00:36]} {[%emt 00:00:15]} 35. Rxf8+ {[%clk 00:00:28]} {[%emt
00:00:04]} Rxf8 {[%clk 00:00:39]} {[%emt 00:00:03]} 36. Ra6 {[%clk 00:00:27]}
{[%emt 00:00:06]} h5 {[%clk 00:00:34]} {[%emt 00:00:09]} 37. Rxa4 {[%clk
00:00:30]} {[%emt 00:00:03]} Kg7 {[%clk 00:00:26]} {[%emt 00:00:11]} 38. Ra7+
{[%clk 00:00:29]} {[%emt 00:00:07]} Kf6 {[%clk 00:00:07]} {[%emt 00:00:20]} 39.
a4 {[%clk 00:00:32]} {[%emt 00:00:06]} 1-0

[Event "World Youth & Cadets Rapid Championships"]
[Site "Rhodes, Greece"]
[Date "2022.05.01"]
[Round "1.40"]
[White "Zonyte, Aukse"]
[Black "Smietanska, Wiktoria"]
[Result "0-1"]
[TimeControl "10'/game & 5\"/move"]
[WhiteElo "1154"]
[BlackElo "1781"]

1. e4 {[%clk 00:10:03]} {[%emt 00:00:06]} c5 {[%clk 00:10:09]} {[%emt
00:00:02]} 2. Bc4 {[%clk 00:09:46]} {[%emt 00:00:21]} e6 {[%clk 00:10:10]}
{[%emt 00:00:04]} 3. Nc3 {[%clk 00:09:33]} {[%emt 00:00:17]} Nc6 {[%clk
00:10:02]} {[%emt 00:00:14]} 4. Nf3 {[%clk 00:09:20]} {[%emt 00:00:18]} Nf6
{[%clk 00:09:34]} {[%emt 00:00:33]} 5. d4 {[%clk 00:06:09]} {[%emt 00:03:17]}
cxd4 {[%clk 00:09:27]} {[%emt 00:00:12]} 6. Nxd4 {[%clk 00:06:09]} {[%emt
00:00:04]} Bb4 {[%clk 00:09:00]} {[%emt 00:00:32]} 7. Nxc6 {[%clk 00:06:01]}
{[%emt 00:00:13]} bxc6 {[%clk 00:07:28]} {[%emt 00:01:37]} 8. f3 {[%clk
00:04:52]} {[%emt 00:01:14]} d5 {[%clk 00:07:12]} {[%emt 00:00:21]} 9. exd5
{[%clk 00:04:14]} {[%emt 00:00:43]} cxd5 {[%clk 00:06:08]} {[%emt 00:01:10]} 10.
Bb5+ {[%clk 00:04:12]} {[%emt 00:00:07]} Bd7 {[%clk 00:06:09]} {[%emt
00:00:04]} 11. Bxd7+ {[%emt 00:00:27]} Qxd7 {[%clk 00:06:11]} 12. Bd2 {[%clk
00:03:53]} {[%emt 00:00:04]} Rc8 {[%clk 00:05:40]} {[%emt 00:00:36]} 13. Qe2
{[%clk 00:03:18]} {[%emt 00:00:40]} O-O {[%clk 00:05:32]} {[%emt 00:00:14]} 14.
O-O-O {[%clk 00:02:57]} {[%emt 00:00:24]} Qc6 {[%clk 00:05:16]} {[%emt
00:00:23]} 15. Qb5 {[%clk 00:02:43]} {[%emt 00:00:19]} Bxc3 {[%clk 00:05:14]}
{[%emt 00:00:06]} 16. Qxc6 {[%clk 00:02:43]} {[%emt 00:00:05]} Bxd2+ {[%clk
00:05:17]} {[%emt 00:00:03]} 17. Rxd2 {[%clk 00:02:43]} {[%emt 00:00:04]} Rxc6
{[%clk 00:05:20]} {[%emt 00:00:02]} 18. Rd4 {[%clk 00:02:18]} {[%emt 00:00:30]}
Rfc8 {[%clk 00:05:22]} {[%emt 00:00:04]} 19. c3 {[%clk 00:02:18]} {[%emt
00:00:04]} e5 {[%clk 00:05:25]} {[%emt 00:00:02]} 20. Ra4 {[%clk 00:02:20]}
{[%emt 00:00:03]} R6c7 {[%clk 00:05:05]} {[%emt 00:00:25]} 21. Re1 {[%clk
00:02:16]} {[%emt 00:00:09]} e4 {[%clk 00:05:01]} {[%emt 00:00:09]} 22. fxe4
{[%clk 00:02:15]} {[%emt 00:00:06]} dxe4 {[%clk 00:05:02]} {[%emt 00:00:05]} 23.
Rd1 {[%clk 00:02:02]} {[%emt 00:00:16]} Re7 {[%clk 00:05:00]} {[%emt 00:00:09]}
24. Ra5 {[%clk 00:01:51]} {[%emt 00:00:16]} e3 {[%clk 00:04:46]} {[%emt
00:00:19]} 25. Re1 {[%clk 00:01:18]} {[%emt 00:00:37]} Ng4 {[%clk 00:04:32]}
{[%emt 00:00:19]} 26. Rg5 {[%clk 00:00:27]} {[%emt 00:00:54]} Nf2 {[%clk
00:04:21]} {[%emt 00:00:18]} 27. Kb1 {[%clk 00:00:16]} {[%emt 00:00:16]} g6
{[%clk 00:04:14]} {[%emt 00:00:13]} 28. Rg3 {[%clk 00:00:17]} {[%emt 00:00:03]}
Rce8 {[%clk 00:04:14]} {[%emt 00:00:05]} 29. b3 {[%clk 00:00:07]} {[%emt
00:00:15]} f5 {[%clk 00:04:13]} {[%emt 00:00:06]} 30. Kc2 {[%clk 00:00:09]}
{[%emt 00:00:02]} Kf7 {[%clk 00:04:01]} {[%emt 00:00:18]} 31. Rf3 {[%clk
00:00:11]} {[%emt 00:00:03]} Kf6 {[%clk 00:03:44]} {[%emt 00:00:22]} 32. b4
{[%clk 00:00:10]} {[%emt 00:00:07]} g5 {[%clk 00:03:39]} {[%emt 00:00:09]} 33.
h3 {[%clk 00:00:13]} {[%emt 00:00:02]} f4 {[%clk 00:03:36]} {[%emt 00:00:08]}
34. g3 {[%clk 00:00:15]} {[%emt 00:00:02]} Kf5 {[%clk 00:03:24]} {[%emt
00:00:18]} 0-1

[Event "World Youth & Cadets Rapid Championships"]
[Site "Rhodes, Greece"]
[Date "2022.05.01"]
[Round "1.41"]
[White "Alessi, Clio"]
[Black "Olariu-Chilut, Sofia"]
[Result "1-0"]
[TimeControl "10'/game & 5\"/move"]
[WhiteElo "1410"]
[BlackElo "1131"]

1. e4 {[%clk 00:10:08]} {[%emt 00:00:02]} e5 {[%clk 00:10:07]} {[%emt
00:00:03]} 2. Nf3 {[%clk 00:10:11]} {[%emt 00:00:01]} Nc6 {[%clk 00:10:12]}
{[%emt 00:00:01]} 3. Bc4 {[%clk 00:10:15]} {[%emt 00:00:02]} Be7 {[%clk
00:10:15]} {[%emt 00:00:01]} 4. d4 {[%clk 00:10:18]} {[%emt 00:00:02]} d6
{[%clk 00:10:16]} {[%emt 00:00:04]} 5. O-O {[%clk 00:10:18]} {[%emt 00:00:04]}
Nf6 {[%clk 00:10:10]} {[%emt 00:00:11]} 6. Nc3 {[%clk 00:10:05]} {[%emt
00:00:19]} Bg4 {[%clk 00:10:03]} {[%emt 00:00:11]} 7. Bb5 {[%clk 00:08:32]}
{[%emt 00:01:38]} O-O {[%clk 00:09:46]} {[%emt 00:00:22]} 8. Bxc6 {[%clk
00:08:29]} {[%emt 00:00:09]} bxc6 {[%clk 00:09:48]} {[%emt 00:00:02]} 9. dxe5
{[%clk 00:08:29]} {[%emt 00:00:05]} dxe5 {[%clk 00:09:50]} {[%emt 00:00:03]} 10.
Qxd8 {[%clk 00:08:31]} {[%emt 00:00:04]} Raxd8 {[%clk 00:09:39]} {[%emt
00:00:15]} 11. Nxe5 {[%clk 00:08:30]} {[%emt 00:00:07]} Bd7 {[%clk 00:09:14]}
{[%emt 00:00:30]} 12. Bf4 {[%clk 00:07:39]} {[%emt 00:00:52]} Bd6 {[%clk
00:08:32]} {[%emt 00:00:51]} 13. Nxd7 {[%clk 00:07:34]} {[%emt 00:00:10]} Rxd7
{[%clk 00:08:28]} {[%emt 00:00:08]} 14. e5 {[%clk 00:07:36]} {[%emt 00:00:04]}
Nd5 {[%clk 00:07:14]} {[%emt 00:01:18]} 15. Nxd5 {[%clk 00:07:38]} {[%emt
00:00:03]} cxd5 {[%clk 00:07:18]} {[%emt 00:00:02]} 16. exd6 {[%clk 00:07:42]}
cxd6 {[%clk 00:07:21]} {[%emt 00:00:02]} 17. Rad1 {[%clk 00:07:46]} {[%emt
00:00:01]} Rb8 {[%clk 00:06:39]} {[%emt 00:00:47]} 18. Rfe1 {[%clk 00:07:39]}
{[%emt 00:00:11]} h6 {[%clk 00:06:25]} {[%emt 00:00:20]} 19. b3 {[%emt
00:00:35]} Rc8 {[%clk 00:05:51]} {[%emt 00:00:36]} 20. Rxd5 {[%clk 00:06:49]}
{[%emt 00:00:28]} Rcd8 {[%clk 00:05:13]} {[%emt 00:00:42]} 21. Red1 {[%clk
00:06:35]} {[%emt 00:00:19]} Re7 {[%clk 00:03:46]} {[%emt 00:01:32]} 22. Bxd6
{[%clk 00:04:57]} {[%emt 00:01:43]} Red7 {[%clk 00:03:46]} {[%emt 00:00:06]} 23.
c4 {[%clk 00:04:44]} {[%emt 00:00:18]} a6 {[%clk 00:02:32]} {[%emt 00:01:18]}
24. Bb4 {[%clk 00:04:43]} {[%emt 00:00:06]} Rxd5 {[%clk 00:02:22]} {[%emt
00:00:16]} 25. Rxd5 {[%clk 00:04:45]} {[%emt 00:00:02]} Rc8 {[%clk 00:02:10]}
{[%emt 00:00:13]} 26. Ba5 {[%clk 00:04:40]} {[%emt 00:00:14]} Kh7 {[%clk
00:02:07]} {[%emt 00:00:08]} 27. Rd7 {[%clk 00:04:28]} {[%emt 00:00:13]} f6
{[%clk 00:01:51]} {[%emt 00:00:25]} 28. Ra7 {[%clk 00:04:26]} {[%emt 00:00:08]}
Rc6 {[%clk 00:01:16]} {[%emt 00:00:39]} 29. Rc7 {[%clk 00:03:59]} {[%emt
00:00:33]} Rd6 {[%clk 00:01:02]} {[%emt 00:00:18]} 30. h3 {[%clk 00:03:50]}
{[%emt 00:00:15]} Rd1+ {[%clk 00:00:46]} {[%emt 00:00:20]} 31. Kh2 {[%clk
00:03:54]} {[%emt 00:00:02]} Rd6 {[%clk 00:00:32]} {[%emt 00:00:19]} 32. Bb4
{[%clk 00:03:52]} {[%emt 00:00:07]} Rb6 {[%clk 00:00:23]} {[%emt 00:00:14]} 33.
Bf8 {[%clk 00:03:45]} {[%emt 00:00:11]} Kg6 {[%clk 00:00:13]} {[%emt 00:00:13]}
34. Rxg7+ {[%clk 00:03:47]} {[%emt 00:00:05]} Kf5 {[%clk 00:00:17]} {[%emt
00:00:01]} 35. c5 {[%clk 00:03:31]} {[%emt 00:00:21]} Rc6 {[%clk 00:00:12]}
{[%emt 00:00:11]} 36. Ra7 {[%clk 00:03:23]} {[%emt 00:00:12]} 1-0